| 000 | 00509nam a2200181Ia 4500 | ||
|---|---|---|---|
| 005 | 20250423101332.0 | ||
| 008 | 250422s9999 xx 000 0 und d | ||
| 020 | _a0838563481 | ||
| 050 | _aRD 82.3 .M44/ | ||
| 245 | 4 | _aThe MGH board review of anesthesiology | |
| 250 | _a5th ed. | ||
| 260 | _aStamford, Conn. | ||
| 260 | _bAppleton & Lange | ||
| 260 | _c1999 | ||
| 300 | _a402 p | ||
| 650 | _a Anesthesiology_Examinations, questions, etc. American Board of Anesthesiology_Examinations. | ||
| 942 | _cBK | ||
| 999 |
_c36003 _d36003 |
||